Globalization, growth, and poverty : (Registro nro. 8567)
[ vista simple ]
| 000 -LEADER | |
|---|---|
| fixed length control field | 01166nam a2200253Ia 4500 |
| 003 - CONTROL NUMBER IDENTIFIER | |
| control field | OSt |
| 005 - DATE AND TIME OF LATEST TRANSACTION | |
| control field | 20210913122843.0 |
| 008 - FIXED-LENGTH DATA ELEMENTS--GENERAL INFORMATION | |
| fixed length control field | 210310t2002 eu ad fr 000 0 eng d |
| 040 ## - CATALOGING SOURCE | |
| Original cataloging agency | CO-JMCR |
| Transcribing agency | CO-JMCR |
| 041 0# - LANGUAGE CODE | |
| Language code of text/sound track or separate title | eng |
| 082 04 - DEWEY DECIMAL CLASSIFICATION NUMBER | |
| Classification number | 339.46 / |
| Item number | W927g |
| Edition number | 23 |
| 110 2# - MAIN ENTRY--CORPORATE NAME | |
| Corporate name or jurisdiction name as entry element | World Bank |
| 9 (RLIN) | 39097 |
| 245 10 - TITLE STATEMENT | |
| Title | Globalization, growth, and poverty : |
| Remainder of title | building an inclusive world economy / |
| Statement of responsibility, etc. | World Bank |
| 260 ## - PUBLICATION, DISTRIBUTION, ETC. | |
| Place of publication, distribution, etc. | Washington, DC : |
| Name of publisher, distributor, etc. | World Bank ; New York, N.Y. : Oxford University Press, |
| Date of publication, distribution, etc. | ©2002 |
| 300 ## - PHYSICAL DESCRIPTION | |
| Extent | vii, 23 páginas : |
| Other physical details | ilustraciones y gráficas a blanco y negro ; |
| Dimensions | 24 cm. |
| 490 0# - SERIES STATEMENT | |
| Series statement | World Bank policy research report. |
| 504 ## - BIBLIOGRAPHY, ETC. NOTE | |
| Bibliography, etc. note | Bibliografía: página 23 |
| 505 0# - FORMATTED CONTENTS NOTE | |
| Formatted contents note | The report team -- The new wave globalization and its economic effects -- Improving the international architecture for integration -- Strengthening domestic institutions and polices -- Power, culture, and the environment -- An agenda for action |
| 650 14 - SUBJECT ADDED ENTRY--TOPICAL TERM | |
| Topical term or geographic name entry element | Globalización |
| 9 (RLIN) | 17649 |
| General subdivision | Aspectos sociales |
| 650 24 - SUBJECT ADDED ENTRY--TOPICAL TERM | |
| Topical term or geographic name entry element | Economía internacional |
| General subdivision | Aspectos sociales |
| 9 (RLIN) | 40289 |
| 650 24 - SUBJECT ADDED ENTRY--TOPICAL TERM | |
| Topical term or geographic name entry element | Cambio social |
| 9 (RLIN) | 40290 |
| 650 24 - SUBJECT ADDED ENTRY--TOPICAL TERM | |
| Topical term or geographic name entry element | Competencia económica internacional |
| 9 (RLIN) | 7037 |
| 942 ## - ADDED ENTRY ELEMENTS (KOHA) | |
| Source of classification or shelving scheme | Dewey Decimal Classification |
| Koha item type | Books |
| Withdrawn status | Lost status | Source of classification or shelving scheme | Damaged status | Not for loan | Collection code | Home library | Current library | Date acquired | Source of acquisition | Full call number | Barcode | Date last seen | Copy number | Koha item type |
|---|---|---|---|---|---|---|---|---|---|---|---|---|---|---|
| Dewey Decimal Classification | Non-fiction | Biblioteca Pública José María del Castillo y Rada | Biblioteca Pública José María del Castillo y Rada | 04/15/2018 | Donación | 339.46 / W927g | 430006259 | 05/16/2024 | Ej.1 | Books |